| 000 | 00665nam a2200193 i 4500 | ||
|---|---|---|---|
| 001 | 77913 | ||
| 003 | ES-MaACL | ||
| 005 | 20230906173437.0 | ||
| 007 | t| | ||
| 008 | 041115s2002 pe ||||1| spa d | ||
| 080 | _a321.7(460) | ||
| 080 | _a32(460)"1975/..." | ||
| 245 | 0 | 0 |
_aTransición a la democracia _b: la experiencia española : ciclo de conferencias : Lima, Perú. Setiembre y diciembre de 2001. |
| 260 |
_aLima : _bServicios Editoriales del Perú S.A.C., _c[2002] |
||
| 300 |
_a144 p. ; _c22 cm. |
||
| 650 | 1 | 4 |
_aDemocratización- _zEspaña. _911579 |
| 651 | 4 |
_aEspaña- _xPolítica y gobierno- _y1975-1982. _98447 |
|
| 852 |
_aES-MaACL _jL-28435 _bR.134541 |
||
| 999 |
_c77913 _d77913 |
||